| 000 | 00458nam a2200169 4500 | ||
|---|---|---|---|
| 003 | SEACOMEC | ||
| 005 | 20250806151132.0 | ||
| 008 | 250806b |||||||| |||| 00| 0 eng d | ||
| 020 |
_a978-8131794753 _c275 |
||
| 040 | _aSEACOMEC | ||
| 082 |
_a658.31124 _bT837H |
||
| 100 | _aTrishna Knowledge System | ||
| 245 |
_aHow to Do Well in Gd's and Interviews _cTrishna Knowledge System |
||
| 250 | _a2nd ed. | ||
| 260 |
_aNew Delhi _bPearson _cc2011 |
||
| 942 | _cBOOK | ||
| 999 |
_c2353 _d2353 |
||